[Event "TUR-chT Clubs"]
[Site "Konya"]
[Date "2019.07.19"]
[Round "6.18"]
[White "Nas, Muhammed Akif Bahad"]
[Black "Akgun, Yusuf"]
[Result "0-1"]
[WhiteElo "1620"]
[BlackElo "1588"]
[PlyCount "103"]
[EventDate "2019.07.16"]
[EventType "team-swiss"]
[EventRounds "9"]
[EventCountry "TUR"]
[SourceTitle "CBM 191 Extra"]
[Source "ChessBase"]
[SourceDate "2019.09.30"]
[SourceVersion "1"]
[SourceVersionDate "2019.09.30"]
[SourceQuality "1"]
[WhiteTeam "Sinop Kultur"]
[BlackTeam "Erzurum Egitim Merkezi"]
[WhiteTeamCountry "TUR"]
[BlackTeamCountry "TUR"]

1. e4 e6 2. d4 d5 3. e5 c5 4. c3 Nc6 5. Nf3 cxd4 6. cxd4 Bb4+ 7. Nc3 Qb6 8. a3 Be7 9. b4 f6 10. Be3 a6 11. Na4 Qc7 12. Rc1 fxe5 13. Nxe5 Nf6 14. Bd3 0-0 15. 0-0 Bd7 16. h3 Be8 17. Nc5 Qc8 18. Qd2 b6 19. Nb3 Qb7 20. Rc3 Bd6 21. f4 Ne7 22. g4 Bb5 23. Rfc1 Bxd3 24. Qxd3 Ne4 25. R3c2 a5 26. Qb5 axb4 27. axb4 Ra3 28. Nc5 Bxc5 29. bxc5 Rxe3 30. c6 Qc7 31. Qf1 g5 32. Nd3 gxf4 33. Re1 Rg3+ 34. Kh1 Rxd3 35. Qxd3 f3 36. Qb3 Ng3+ 37. Kg1 Ne2+ 38. Rexe2 Qg3+ 39. Kh1 fxe2 40. Qxg3 Rf1+ 41. Kg2 e1Q 42. Qxe1 Rxe1 43. Ra2 Rb1 44. Ra7 Kf7 45. c7 Rc1 46. Kf3 Nc8 47. Rb7 Ke7 48. Kf4 Re1 49. h4 Kd7 50. g5 e5+ 51. Kg3 exd4 52. h5 0-1

[Event "TUR-chT Clubs"]
[Site "Konya"]
[Date "2019.07.16"]
[Round "1.21"]
[White "Goktas, Ibrahim Can"]
[Black "Nas, Muhammed Akif Bahad"]
[Result "0-1"]
[WhiteElo "1366"]
[BlackElo "1620"]
[PlyCount "143"]
[EventDate "2019.07.16"]
[EventType "team-swiss"]
[EventRounds "9"]
[EventCountry "TUR"]
[SourceTitle "CBM 191 Extra"]
[Source "ChessBase"]
[SourceDate "2019.09.30"]
[SourceVersion "1"]
[SourceVersionDate "2019.09.30"]
[SourceQuality "1"]
[WhiteTeam "Duzici Okyanus"]
[BlackTeam "Sinop Kultur"]
[WhiteTeamCountry "TUR"]
[BlackTeamCountry "TUR"]

1. e4 d5 2. exd5 Qxd5 3. Nc3 Qa5 4. Nf3 Bg4 5. Be2 Nc6 6. h3 Qh5 7. d3 Nf6 8. Bf4 0-0-0 9. Qd2 e6 10. a3 Nd4 11. Nxd4 Rxd4 12. Be3 Bc5 13. f3 Rhd8 14. 0-0-0 Qe5 15. f4 Qd6 16. hxg4 Qa6 17. a4 Bb4 18. Bf3 Rc4 19. dxc4 Rxd2 20. Bxd2 Qxc4 21. Ne2 Bxd2+ 22. Kxd2 Qxa4 23. c3 a6 24. g5 Ne4+ 25. Bxe4 Qxe4 26. g3 b6 27. Kc1 Qxe2 28. Rxh7 Qe3+ 29. Rd2 Qe1+ 30. Rd1 Qe3+ 31. Rd2 Qe1+ 32. Rd1 Qe3+ 33. Rd2 Qxg3 34. Rxg7 Qxf4 35. Kc2 e5 36. Rg8+ Kb7 37. Re2 e4 38. Re8 Qxg5 39. R8xe4 f5 40. Re5 Qg4 41. Rf2 Qh5 42. Kd3 Qd1+ 43. Ke3 Qe1+ 44. Re2 Qg3+ 45. Kd2 f4 46. Rf5 a5 47. Re7 Qg2+ 48. Kc1 Qg1+ 49. Kc2 Qg2+ 50. Kb1 f3 51. Ref7 Qf1+ 52. Ka2 Qc4+ 53. Kb1 Qd3+ 54. Ka2 Qc4+ 55. Kb1 Qd3+ 56. Ka2 a4 57. Rxf3 Qd5+ 58. Kb1 Qd1+ 59. Ka2 Qb3+ 60. Ka1 a3 61. bxa3 Ka6 62. a4 Qxa4+ 63. Kb2 Qb5+ 64. Kc2 Qe2+ 65. Kb1 c5 66. R7f4 Ka5 67. Rf2 Qd3+ 68. Kb2 c4 69. R4f3 Qd1 70. Rf8 Qb3+ 71. Kc1 Qxc3+ 72. Rc2 0-1

[Event "TUR Cup"]
[Site "Antalya"]
[Date "2019.01.31"]
[Round "8"]
[White "Nay, Ali Dogan"]
[Black "Nas, Muhammed Akif Bahad"]
[Result "0-1"]
[WhiteElo "1198"]
[BlackElo "1660"]
[PlyCount "68"]
[EventDate "2019.01.27"]
[EventType "swiss"]
[EventRounds "11"]
[EventCountry "TUR"]
[SourceTitle "CBM 188 Extra"]
[Source "ChessBase"]
[SourceDate "2019.02.26"]
[SourceVersion "1"]
[SourceVersionDate "2019.02.26"]
[SourceQuality "1"]

1. e4 d5 2. exd5 Qxd5 3. Nc3 Qa5 4. d4 Bf5 5. Bd2 Nc6 6. Bc4 Nxd4 7. Rc1 e6 8. Nd5 Qc5 9. Bb5+ Nxb5 10. c4 0-0-0 11. Bf4 exd5 12. cxb5 Qxb5 13. Qf3 Re8+ 14. Ne2 d4 15. a4 Qd3 16. Be3 dxe3 17. 0-0 exf2+ 18. Qxf2 Rxe2 19. Qxa7 Qe3+ 20. Qxe3 Rxe3 21. Rxf5 Nf6 22. b4 Bxb4 23. Rb5 Bd6 24. Rcb1 Rhe8 25. Kf1 R3e5 26. Rxb7 Rf5+ 27. Kg1 Bc5+ 28. Kh1 Bb6 29. a5 Kxb7 30. axb6 cxb6 31. h3 Rf2 32. Rxb6+ Kxb6 33. h4 Ng4 34. Kg1 Re1# 0-1

[Event "TUR-chT2"]
[Site "Konya"]
[Date "2018.07.14"]
[Round "8.8"]
[White "Kilinc, Bulent"]
[Black "Nas, Muhammed Akif Bahad"]
[Result "1-0"]
[WhiteElo "1666"]
[BlackElo "1687"]
[PlyCount "53"]
[EventDate "2018.07.10"]
[EventType "team-swiss"]
[EventRounds "9"]
[EventCountry "TUR"]
[SourceTitle "EXT 2019"]
[Source "ChessBase"]
[SourceDate "2018.10.10"]
[SourceVersion "1"]
[SourceVersionDate "2018.10.10"]
[SourceQuality "1"]
[WhiteTeam "Sakarya Buyuksehir"]
[BlackTeam "Sinop Kultur"]
[WhiteTeamCountry "TUR"]
[BlackTeamCountry "TUR"]

1. d4 d5 2. c4 Nf6 3. Nc3 a6 4. cxd5 Nxd5 5. e4 Nb6 6. a4 Bd7 7. a5 Nc8 8. Nf3 e6 9. Bd3 Bb4 10. 0-0 0-0 11. e5 Bc6 12. Bxh7+ Kh8 13. Ng5 g6 14. Qg4 f5 15. Qh4 Qe7 16. Bxg6+ Kg8 17. Qh5 Bd7 18. Nh7 Rf7 19. Bxf7+ Qxf7 20. Nf6+ Kf8 21. Qh8+ Ke7 22. Bg5 Qg6 23. Ng8+ Kf7 24. Nh6+ Qxh6 25. Qxh6 Bf8 26. Qh5+ Kg8 27. Qg6+ 1-0

[Event "TUR Cup										"]
[Site "Antalya"]
[Date "2018.02.03"]
[Round "11"]
[White "Karacay, Aybar"]
[Black "Nas, Muhammed Akif Bahad"]
[Result "1-0"]
[WhiteElo "1993"]
[BlackElo "1689"]
[PlyCount "69"]
[EventDate "2018.01.27"]
[EventType "swiss"]
[EventRounds "11"]
[EventCountry "TUR"]
[SourceTitle "CBM 182 Extra"]
[Source "ChessBase"]
[SourceDate "2018.02.23"]
[SourceVersion "1"]
[SourceVersionDate "2018.02.23"]
[SourceQuality "1"]

1. e4 d5 2. exd5 Qxd5 3. Nc3 Qa5 4. d4 Nc6 5. d5 Nb4 6. a3 Nf6 7. Bb5+ Bd7 8. Bxd7+ Nxd7 9. Be3 Na6 10. b4 Nxb4 11. axb4 Qxb4 12. Nge2 Nb6 13. Bxb6 cxb6 14. 0-0 g6 15. Ra4 Qc5 16. Ne4 Qc7 17. d6 exd6 18. Nf6+ Kd8 19. c4 Be7 20. Nd5 Qd7 21. Qa1 Re8 22. Nxb6 Qe6 23. Nd4 Qg4 24. Nxa8 d5 25. cxd5 Qg5 26. Nf3 Qf5 27. Rxa7 Bd6 28. Qa5+ Ke7 29. Re1+ Kf8 30. Rxe8+ Kxe8 31. Rxb7 Qc8 32. Qb5+ Kf8 33. Qc6 Qd8 34. Rd7 Qa5 35. Qxd6+ 1-0

[Event "TUR Cup										"]
[Site "Antalya"]
[Date "2018.01.27"]
[Round "1"]
[White "Eren, Ataberk"]
[Black "Nas, Muhammed Akif Bahad"]
[Result "1-0"]
[WhiteElo "2165"]
[BlackElo "1689"]
[PlyCount "40"]
[EventDate "2018.01.27"]
[EventType "swiss"]
[EventRounds "11"]
[EventCountry "TUR"]
[SourceTitle "CBM 182 Extra"]
[Source "ChessBase"]
[SourceDate "2018.02.23"]
[SourceVersion "1"]
[SourceVersionDate "2018.02.23"]
[SourceQuality "1"]

1. d4 d5 2. c4 Nc6 3. Nc3 Nf6 4. Nf3 Bg4 5. cxd5 Bxf3 6. gxf3 Nxd5 7. e4 Nb6 8. d5 Ne5 9. f4 Ng6 10. Bb5+ Nd7 11. f5 Nh4 12. Qg4 e6 13. fxe6 fxe6 14. dxe6 c6 15. exd7+ Qxd7 16. Qxd7+ Kxd7 17. Be2 Bb4 18. Rg1 Ng6 19. h4 Raf8 20. h5 Bc5 1-0

[Event "TUR-chT2"]
[Site "Konya"]
[Date "2017.07.14"]
[Round "8.19"]
[White "Nas, Muhammed Akif Bahad"]
[Black "Ergin, Faruk Esat"]
[Result "1-0"]
[WhiteElo "1658"]
[BlackElo "1818"]
[PlyCount "41"]
[EventDate "2017.07.09"]
[EventType "team-swiss"]
[EventRounds "9"]
[EventCountry "TUR"]
[SourceTitle "CBM 179 Extra"]
[Source "ChessBase"]
[SourceDate "2017.08.23"]
[SourceVersion "1"]
[SourceVersionDate "2017.08.23"]
[SourceQuality "1"]
[WhiteTeam "Sinop Kultur"]
[BlackTeam "Canakkale 1915"]
[WhiteTeamCountry "TUR"]
[BlackTeamCountry "TUR"]

1. e4 e5 2. Bc4 Nc6 3. c3 Nf6 4. d3 Be7 5. Bg5 0-0 6. Bxf6 Bxf6 7. Nd2 Na5 8. b4 Nxc4 9. Nxc4 d5 10. Nd2 Be7 11. Ngf3 dxe4 12. dxe4 f6 13. h4 Bg4 14. h5 Kh8 15. Qc2 c5 16. a3 Qc7 17. Qb3 Rad8 18. 0-0-0 Rd3 19. Qc4 Qd6 20. Nh4 Bxd1 21. Ng6+ 1-0

[Event "TUR Cup"]
[Site "Antalya"]
[Date "2017.01.31"]
[Round "6"]
[White "Dagli, Abdullah Onur"]
[Black "Nas, Muhammed Akif Bahad"]
[Result "0-1"]
[WhiteElo "1493"]
[BlackElo "1681"]
[PlyCount "51"]
[EventDate "2017.01.28"]
[EventType "swiss"]
[EventRounds "11"]
[EventCountry "TUR"]
[SourceTitle "CBM 176 Extra"]
[Source "ChessBase"]
[SourceDate "2017.03.02"]
[SourceVersion "1"]
[SourceVersionDate "2017.03.02"]
[SourceQuality "1"]

1. e4 d5 2. e5 Bf5 3. d4 e6 4. Nf3 a6 5. a4 c5 6. Bd3 Bg4 7. c3 Nc6 8. Be2 Qb6 9. 0-0 Nge7 10. dxc5 Qxc5 11. b4 Qb6 12. Be3 Qc7 13. a5 Bxf3 14. Bxf3 Qxe5 15. Re1 Qf6 16. Bc5 Nf5 17. Bxf8 Kxf8 18. Qa4 Nd6 19. Qb3 g6 20. Na3 Qg7 21. c4 Nd4 22. Qd3 Nxf3+ 23. gxf3 Nf5 24. Kh1 Nh4 25. cxd5 Nxf3 26. Red1 0-1

[Event "TUR-ch"]
[Site "Kemer"]
[Date "2012.02.01"]
[Round "6"]
[White "Onay, Emrah"]
[Black "Nas, Muhammed Akif Bahad"]
[Result "1-0"]
[WhiteElo "1914"]
[BlackElo "1645"]
[PlyCount "57"]
[EventDate "2012.01.29"]
[EventType "swiss"]
[EventRounds "10"]
[EventCountry "TUR"]
[SourceTitle "CBM 146 Extra"]
[Source "ChessBase"]
[SourceDate "2012.02.29"]
[SourceVersion "1"]
[SourceVersionDate "2012.02.29"]
[SourceQuality "1"]

1. e4 d5 2. exd5 Qxd5 3. Nc3 Qa5 4. d4 Nc6 5. d5 Nb4 6. a3 Bf5 7. Bb5+ Kd8 8. Ba4 Na6 9. Be3 Nf6 10. b4 Nxb4 11. axb4 Qxb4 12. Qd4 Qa5 13. Bd2 Qb6 14. Nf3 Kc8 15. 0-0 e6 16. dxe6 Bc5 17. Bd7+ Kd8 18. Qe5 fxe6 19. Bxe6 Bxe6 20. Na4 Bd6 21. Qe1 Qc6 22. Nd4 Bxh2+ 23. Kh1 Qd6 24. Nxe6+ Kc8 25. Bb4 Qd5 26. Nxg7 Be5 27. Rd1 Qb5 28. Nc5 Ng4 29. Qe4 1-0

[Event "TUR-ch"]
[Site "Kemer"]
[Date "2012.01.31"]
[Round "5"]
[White "Nas, Muhammed Akif Bahad"]
[Black "Acar, Ozgur"]
[Result "1-0"]
[WhiteElo "1645"]
[BlackElo "1914"]
[PlyCount "65"]
[EventDate "2012.01.29"]
[EventType "swiss"]
[EventRounds "10"]
[EventCountry "TUR"]
[SourceTitle "CBM 146 Extra"]
[Source "ChessBase"]
[SourceDate "2012.02.29"]
[SourceVersion "1"]
[SourceVersionDate "2012.02.29"]
[SourceQuality "1"]

1. e4 c5 2. f4 Nc6 3. Nf3 e6 4. c3 d5 5. e5 Nge7 6. Bb5 a6 7. Ba4 d4 8. d3 b5 9. Bb3 Nf5 10. 0-0 Bb7 11. Qe1 Qb6 12. g4 Nfe7 13. cxd4 Nxd4 14. Nxd4 cxd4 15. Nd2 h5 16. Ne4 Nd5 17. Bxd5 Bxd5 18. g5 Be7 19. Bd2 g6 20. Ba5 Qb7 21. Rc1 Rc8 22. Rxc8+ Qxc8 23. Qd2 0-0 24. Nf6+ Bxf6 25. gxf6 Kh7 26. f5 gxf5 27. Rc1 Rg8+ 28. Kf1 Qa8 29. Rc7 Rg6 30. Rxf7+ Kh8 31. Qb4 Rg8 32. Qe7 Bg2+ 33. Ke1 1-0